2017 Top 10 NBA Players who are under 25 - Statistics

General Stats
  • This quiz has been taken 25 times
  • The average score is 5 of 10
Answer Stats
Rank Player % Correct
4 Karl-Anthony Towns
90%
9 Andrew Wiggins
70%
2 Giannis Antetokounmpo
70%
8 Devin Booker
65%
3 Joel Embiid
65%
1 Anthony Davis
55%
5 Kristaps Porzingis
35%
6 Nikola Jokic
35%
10 Andre Drummond
15%
7 Bradley Beal
15%
No matching quizzes found
Score Distribution
Percent of People with Each Score
Percentile by Number Answered
Your Score History
You have not taken this quiz